Normal view
MARC view
- Decoration and ornament, Architectural
Entry Topical Term
001 - CONTROL NUMBER
- control field: 118713
003 - CONTROL NUMBER IDENTIFIER
- control field: NUST
005 - DATE AND TIME OF LATEST TRANSACTION
- control field: 20231128145402.0
008 - FIXED-LENGTH DATA ELEMENTS
- fixed length control field: 231128|| aca||aabn | a|a d
040 ## - CATALOGING SOURCE
- Original cataloging agency: NUST
- Transcribing agency: NUST
150 ## - HEADING--TOPICAL TERM
- Topical term or geographic name entry element: Decoration and ornament, Architectural
670 ## - SOURCE DATA FOUND
- Source citation: Work cat.: (NUST)1822: Picon, Antoine. 118710, Ornament :, 2013.
